Hierarchy quiz - Statistics

General Stats
  • This quiz has been taken 4 times
  • The average score is 75 of 90
Answer Stats
Question Tile Select % Correct
socially. Adult No
100%
random thing. Assistant captain No
100%
socially. Associate No
100%
noble. Baron No
100%
sports thing. Bronze No
100%
military authority. Captain No
100%
random thing. Captain Yes
100%
religious figure. Cardinal No
100%
sports thing. Champions League Yes
100%
random thing 2. Chiefdom No
100%
random thing. Chief Executive Officer Yes
100%
random thing. Chief Human Resources Officer No
100%
random thing. Chief Operating Officer No
100%
socially. Child No
100%
random thing 2. Civilization Yes
100%
sports thing. Conference League No
100%
socially. Cool Yes
100%
socially. Doctorate Yes
100%
socially. Elder Yes
100%
religious figure. Eparch No
100%
sports thing. Europa League No
100%
military authority. Flying officer No
100%
random thing 2. Garda No
100%
socially. Geek No
100%
sports thing. Gold Yes
100%
Asian thing. Golden Horde No
100%
God/dess. Heracles No
100%
random thing 2. Horde No
100%
historical status. Husbandman No
100%
military authority. Leading aircraftman No
100%
socially. Loner No
100%
military authority. Major Yes
100%
noble. Marquess No
100%
socially. Master's No
100%
Asian thing. Pasha No
100%
random thing. Pence No
100%
military authority. Petty officer No
100%
random thing. Player No
100%
religious figure. Pope Yes
100%
random thing. Pound Yes
100%
military authority. Private No
100%
noble. Queen Yes
100%
religious figure. Sadhvi No
100%
random thing. Shilling No
100%
religious figure. Siddha Yes
100%
sports thing. Silver No
100%
historical status. Sōhei No
100%
Asian thing. Sultana No
100%
Asian thing. Sultan of Sultans Yes
100%
random thing 2. Tánaiste No
100%
random thing 2. Taoiseach Yes
100%
God/dess. Thoth No
100%
religious figure. Upadhyaya No
100%
sports thing. Wimbledon winner No
100%
military authority. Wing commander Yes
100%
noble. Yeoman No
100%
military authority. Captain No
75%
military authority. Commodore Yes
75%
historical status. Daimyō No
75%
random thing 2. Gill No
75%
sports thing. Golden Slam Yes
75%
sports thing. Grand Slam No
75%
Asian thing. Great Horde No
75%
God/dess. Hera Yes
75%
historical status. Karl No
75%
religious figure. Marabout No
75%
God/dess. Mayahuel No
75%
Asian thing. Mongol Empire Yes
75%
God/dess. Nemesis No
75%
Asian thing. Nóng (农/農) No
75%
noble. Petty King No
75%
random thing 2. Pint No
75%
historical status. Shōgun Yes
75%
historical status. Thrall No
75%
God/dess. Xochiquetzal No
75%
noble. Augustus Yes
50%
Asian thing. Gōng (工) No
50%
noble. Grand Prince No
50%
religious figure. Hajji No
50%
historical status. Jarl Yes
50%
random thing 2. Quart Yes
50%
God/dess. Quetzalcoatl Yes
50%
God/dess. Amun Yes
25%
noble. Chevalier No
25%
God/dess. Imhotep No
25%
noble. Landgrave Yes
25%
religious figure. Mullah Yes
25%
Asian thing. Shì (士) Yes
25%
historical status. Gentleman No
0%
historical status. Tenant-in-chief Yes
0%
No matching quizzes found
Score Distribution
Percent of People with Each Score
Percentile by Number Answered
Your Score History
You have not taken this quiz